000
00201 a2200097 4500
001
27764
100
_a
Rateliff, J
245
_a
R D body and how it works
260
_a
_b
RDA
_c
090
_c
18556
_d
18556
942
_a
NUST-CAE
_c
M
_c
9509
999
_c
262837
_d
262837